LDR 00716naa#a2200193#i#450# 001 EN\INFRA-M\bibl\125820 005 20260630020335.2 011 ## _a2306-627X 100 ## _a20260615b2026####ek#y0engy0150####ca 102 ## _aRU 200 1# _aModels of Financial Supervision: a Single Regulator or Sectoral Regulation in the Context of Modern Challenges _eJournal article 210 1# _aMoscow _cINFRA-M Academic Publishing LLC. _d2026 215 ## _a4 с. 608 ## _aJournal article _2local 675 ## _aЭкономическая политика. Управление и планирование в экономике. 338.2 _z 700 #1 _aAsyaeva _gE. A. 700 #1 _aPoluektov _gS. A. 700 #1 _aTurkov _gM. A. 856 4# _anaukaru.ru _u